Al calor de la lectura I-II : (Record no. 193520)
[ view plain ]
| 000 -LEADER | |
|---|---|
| campo de control de longitud fija | 01770nam a2200349 i 4500 |
| 001 - NÚMERO DE CONTROL | |
| campo de control | 193520 |
| 003 - IDENTIFICADOR DE NÚMERO DE CONTROL | |
| campo de control | SpMaBN |
| 005 - FECHA Y HORA DE LA ÚLTIMA TRANSACCIÓN | |
| campo de control | 20250712063142.0 |
| 007 - CAMPO FIJO DE DESCRIPCIÓN FÍSICA--INFORMACIÓN GENERAL | |
| campo de control de longitud fija | ta |
| 008 - DATOS DE LONGITUD FIJA--INFORMACIÓN GENERAL | |
| campo de control de longitud fija | 240103s2020 sp | |||| 000 0 spa |
| 017 ## - NÚMERO DE COPYRIGHT O DE DEPÓSITO LEGAL | |
| Número de copyright o de depósito legal | M 30358-2020 |
| Agencia que asigna | Oficina Depósito Legal Madrid |
| 035 ## - NÚMERO DE CONTROL DEL SISTEMA | |
| Número de control de sistema | a6795034 |
| 040 ## - FUENTE DE CATALOGACIÓN | |
| Centro catalogador/agencia de origen | SpMaBN |
| Lengua de catalogación | spa |
| Centro/agencia transcriptor | SpMaBN |
| Normas de descripción | rda |
| Centro/agencia modificador | ES-MaACL |
| 080 ## - NÚMERO DE LA CLASIFICACIÓN DECIMAL UNIVERSAL | |
| Número de la Clasificación Decimal Universal | 82.09 |
| 100 ## - ENTRADA PRINCIPAL--NOMBRE DE PERSONA | |
| Nombre de persona | Martínez-Conde, Ricardo, |
| Fechas asociadas al nombre | 1949- |
| 9 (RLIN) | 234824 |
| Término indicativo de función/relación | Autor |
| 245 10 - MENCIÓN DEL TÍTULO | |
| Título | Al calor de la lectura I-II : |
| Resto del título | reseñas literarias / |
| Mención de responsabilidad, etc. | Ricardo Martínez. |
| 250 ## - MENCION DE EDICION | |
| Mención de edición | Primera edición, 2020 |
| 264 #1 - PRODUCCIÓN, PUBLICACIÓN, DISTRIBUCIÓN, FABRICACIÓN Y COPYRIGHT | |
| Producción, publicación, distribución, fabricación y copyright | [Madrid] : |
| Nombre del de productor, editor, distribuidor, fabricante | Editorial Ortigia, |
| Fecha de producción, publicación, distribución, fabricación o copyright | [2020] |
| 300 ## - DESCRIPCIÓN FÍSICA | |
| Extensión | 136 páginas ; |
| Dimensiones | 21 cm |
| 336 ## - TIPO DE CONTENIDO | |
| Término de tipo de contenido | Texto |
| Fuente | rdacontent |
| 337 ## - TIPO DE MEDIO | |
| Nombre/término del tipo de medio | sin mediación |
| Fuente | rdamedia |
| 338 ## - TIPO DE SOPORTE | |
| Nombre/término del tipo de soporte | volumen |
| Fuente | rdacarrier |
| 520 ## - RESUMEN, ETC. | |
| Sumario, etc. | En puridad, las palabras nos hacen; o nos definen, que viene a ser lo mismo a la hora del ser. Y a su vez las palabras están hechas de letras, una hermosura gráfica y muda (en apariencia) que las conforman. Sería, entonces, gramaticalmente injusto (casi moralmente injusto) que no queramos saber algo acerca de ellas.<br/><br/>¡Qué es, al fin, la literatura, sino testimonio personal! Bien testimonio de observador, bien testimonio de actor, lo que resulta más decisivo e implicador. |
| 650 #4 - PUNTO DE ACCESO ADICIONAL DE MATERIA--TÉRMINO DE MATERIA | |
| Término de materia o nombre geográfico como elemento de entrada | Literatura- |
| 9 (RLIN) | 14494 |
| Subdivisión de forma | Reseñas bibliográficas |
| 655 #0 - TERMINO DE INDIZACIÓN--GENERO/FORMA | |
| Datos o término principal de género/forma | Reseñas bibliográficas |
| 9 (RLIN) | 234825 |
| 852 ## - LOCALIZACIÓN | |
| Ubicación | ES-MaACL |
| Sublocalización o colección | R.154866 |
| Ubicación en estantería | Depósito J |
| Número de control de estantería | N-9701 |
| itemnumber | 201001 |
| Donativo/Legado | Donación: editorial |
| Encuadernación | Encuadernación rústica con solapas |
| 942 ## - ELEMENTOS DE ENTRADA SECUNDARIOS (KOHA) | |
| Suprimir en OPAC | No |
| Tipo de ítem Koha | Libro impreso |
| Estatus retirado | Estado de pérdida | Fuente del sistema de clasificación o colocación | Estado de daño | No para préstamo | Biblioteca de origen | Biblioteca actual | Ubicación en estantería | Fecha de adquisición | Fuente de adquisición | Total de préstamos | Signatura topográfica completa | Código de barras | Visto por última vez | Precio de reemplazo | Tipo de ítem Koha |
|---|---|---|---|---|---|---|---|---|---|---|---|---|---|---|---|
| Clasificación decimal universal | Biblioteca del Ateneo de Madrid | Biblioteca del Ateneo de Madrid | Depósito J | 21/11/2023 | Donación | N-9701 | 101206281 | 03/01/2024 | 03/01/2024 | Libro impreso |
